[Event "Dreifluesse op"]
[Site "Passau"]
[Date "1998.04.12"]
[Round "5"]
[White "Martinovic, Slobodan"]
[Black "Mueller, Matthias"]
[Result "1/2-1/2"]
[WhiteElo "2470"]
[BlackElo "2385"]

1.Nf3 d5 2.g3 c5 3.c4 d4 4.b4 cxb4 5.a3 bxa3 6.Bg2 Nc6 7.Qa4 Bd7 8.Bxa3 e5
9.Bxf8 Kxf8 10.Qb5 Qc7 11.Qc5+ Nge7 12.Na3 b6 13.Nb5 bxc5 14.Nxc7 Rc8 15.Na6 Bg4
16.d3 e4 17.Ng5 exd3 18.exd3 h5 19.Ne4 Rh6 20.Nexc5 Ne5 21.h3 Nxd3+ 22.Kd2 Nxc5
23.Nxc5 Rxc5 24.hxg4 hxg4 25.Rxh6 gxh6 26.Kd3  1/2-1/2

[Event "Dreifluesse op"]
[Site "Passau"]
[Date "1998.04.12"]
[Round "6"]
[White "Troyke, Christian"]
[Black "Kuenzner, Franz"]
[Result "1/2-1/2"]
[WhiteElo "2400"]
[BlackElo "2300"]

1.g3 d5 2.Nf3 c6 3.Bg2 Bg4 4.c4 Bxf3 5.Bxf3 e6 6.b3 f5 7.Bb2 Nf6 8.O-O Be7
9.d3 O-O 10.Qd2 Na6 11.Na3 Ne8 12.Nc2 Bf6 13.Nd4 Qd7 14.cxd5 exd5 15.Bg2 Nd6
16.Rac1 Nc7 17.e3 Ne6 18.Nf3 Bxb2 19.Qxb2 Nf7 20.b4 a6 21.a4 Rad8 22.d4 g5
23.b5 axb5 24.axb5 g4 25.bxc6 bxc6 26.Ne1 Nd6 27.Nd3 Nc4 28.Qe2 Qe8 29.Rxc4 dxc4
30.Ne5 c5 31.Qxc4 cxd4 32.Nc6 Rd6 33.Nxd4 Kg7 34.Nb5 Rb6 35.Nc7 Qc8 36.Nxe6+ Qxe6
37.Bd5 Qe5 38.Bg2 Rfb8 39.h3 h5 40.hxg4 hxg4 41.Qd3 Rd6 42.Qc2 Rd7 43.Qa4 Rbd8
44.Bc6 Rc7 45.Bg2 Rdd7 46.Bc6 Rd6 47.Bg2  1/2-1/2

[Event "Budapest FS04 GM"]
[Site "Budapest"]
[Date "1998.04.13"]
[Round "10"]
[White "Mikhaletz, Lubomir"]
[Black "Acs, Peter"]
[Result "1-0"]
[WhiteElo "2435"]
[BlackElo "2450"]

1.Nf3 d5 2.g3 Nf6 3.Bg2 c6 4.O-O Bg4 5.h3 Bh5 6.d3 Nbd7 7.Nbd2 e6 8.e4 Be7
9.Qe1 dxe4 10.dxe4 O-O 11.Nh4 Ne8 12.Bf3 Bxf3 13.Nhxf3 e5 14.Nc4 Qc7 15.a4 f6
16.Qe2 Rf7 17.Nh4 Nd6 18.Nf5 Nxf5 19.exf5 Bc5 20.Kg2 Re8 21.Bd2 b5 22.Na5 a6
23.b4 Bb6 24.Nb3 c5 25.bxc5 Qc6+ 26.Kg1 Nxc5 27.axb5 axb5 28.Na5 Bxa5 29.Rxa5 Rb8
30.Rb1 Rfb7 31.Rb4 Nd7 32.Be3 Rc8 33.Raxb5 Rxb5 34.Qxb5 Qxb5 35.Rxb5 Rxc2
36.Rb7 Nf8 37.Kg2 Rc3 38.Kf3 Rd3 39.Ke4 Rd1 40.Rb5 Kf7 41.Rd5 Ra1 42.Rd6 h5
43.h4 g6 44.Bh6 Re1+ 45.Kf3 gxf5 46.Bxf8 e4+ 47.Kg2 Kxf8 48.Rxf6+ Kg7 49.Rxf5 Kg6
50.Rg5+ Kh6 51.Rb5 Kg6 52.Rb6+ Kh7 53.Rb3 Ra1 54.Re3 Ra4 55.Kf1 Kg6 56.Rb3 Ra2
57.Rb5 Rc2 58.Re5 Rc4 59.Ke2 Ra4 60.Ke3 Ra3+ 61.Kxe4 Ra4+ 62.Ke3 Ra3+ 63.Kf4 Ra4+
64.Re4 Ra6 65.f3 Rf6+ 66.Ke3 Ra6 67.g4 hxg4 68.fxg4 Ra1 69.Kf3 Rf1+ 70.Kg2 Ra1
71.Rf4 Ra2+ 72.Kg3 Ra3+ 73.Rf3 Ra5 74.Rb3 Ra1 75.Rb6+ Kg7 76.h5 Ra5 77.Kh4 Ra1
78.h6+ Kh7 79.Kh5 Ra5+ 80.g5 Rc5 81.Rb7+ Kg8 82.Re7  1-0

[Event "Metz op"]
[Site "Metz"]
[Date "1998.04.13"]
[Round "9"]
[White "Markowski, Tomasz"]
[Black "Shchekachev, Andrei"]
[Result "1/2-1/2"]
[WhiteElo "2505"]
[BlackElo "2565"]

1.g3 d5 2.Nf3 g6 3.c4 d4 4.Bg2 Bg7 5.O-O e5 6.e3 dxe3 7.dxe3 Qxd1 8.Rxd1 Nc6
9.Nc3 Bf5 10.Nb5 Rc8 11.b3 Bg4 12.Bb2 a6 13.Na3 Nge7 14.h3 Bf5 15.Nb1 f6
16.Nc3 Kf7 17.Ba3 Rhd8 18.g4 Be6 19.Nd5 Bf8 20.Nxe7 Bxe7 21.Bxe7 Kxe7 22.Nd2 f5
23.Bxc6 bxc6 24.Nf3 Rxd1+ 25.Rxd1 fxg4 26.Nxe5 gxh3 27.Nxc6+ Kf6 28.Kh2 g5
29.Rd4 h5 30.a4 Rf8 31.Rd8 Rxd8 32.Nxd8 Bc8 33.Nc6 g4 34.c5 Bb7 35.Nd4 a5
36.c6 Bc8 37.f4 gxf3 38.Nxf3 Ke7 39.Nd4 Kd6 40.Nb5+ Kc5 41.Nxc7 Kxc6 42.Nb5 Kd5
43.Na3 Kc5 44.Nc2 Bd7 45.Kg3 Bg4 46.Kh2  1/2-1/2

[Event "Dreifluesse op"]
[Site "Passau"]
[Date "1998.04.13"]
[Round "7"]
[White "Testor, Sebastian"]
[Black "Hirn, Erwin"]
[Result "1-0"]
[WhiteElo "1856"]
[BlackElo "2000"]

1.Nf3 d5 2.g3 c5 3.Bg2 Nc6 4.d4 Bf5 5.O-O e6 6.c4 Nf6 7.Nc3 Be7 8.cxd5 exd5
9.Bg5 c4 10.Ne5 h6 11.Bxf6 gxf6 12.Nxc6 bxc6 13.e4 Be6 14.exd5 cxd5 15.Qh5 f5
16.Rfe1 Qd7 17.Rxe6  1-0

[Event "RUS-ch (Women)"]
[Site "Elista"]
[Date "1998.04.22"]
[Round "2.1"]
[White "Chasovnikova, Eugenia"]
[Black "Shumiakina, Tatiana"]
[Result "1/2-1/2"]
[WhiteElo "2275"]
[BlackElo "2400"]

1.Nf3 d5 2.g3 Bg4 3.Bg2 Nd7 4.c4 e6 5.b3 c6 6.Bb2 Ngf6 7.O-O Bd6 8.d4 a5
9.a3 O-O 10.Nbd2 Qb8 11.c5 Bc7 12.b4 e5 13.dxe5 Nxe5 14.Qc2 Bh5 15.Nd4 Bg6
16.Qc3 Re8 17.b5 Qc8 18.h3 cxb5 19.Nxb5 Bb8 20.f4 Nc6 21.Rae1 h5 22.Bxd5 Qxh3
23.Bg2 Qg4 24.Qf3 Qf5 25.Qc3 Qg4 26.Qf3 Qf5 27.Qc3 Qg4  1/2-1/2

[Event "GRE-chT"]
[Site "Poros"]
[Date "1998.04.22"]
[Round "4"]
[White "Simeonidis, Ioannis"]
[Black "Petsetidi, Maria"]
[Result "1-0"]
[WhiteElo "2250"]
[BlackElo "2120"]

1.Nf3 d5 2.g3 Nf6 3.Bg2 Nc6 4.d4 Bf5 5.O-O e6 6.c4 Be7 7.Nc3 O-O 8.cxd5 exd5
9.Ne5 Nb8 10.Qb3 Nc6 11.Qxb7 Nxd4 12.Bf4 Rb8 13.Qxa7 Rb6 14.Nc4 Rc6 15.Qxd4 Rxc4
16.Qe5 Be6 17.b3 Bd6 18.bxc4 Bxe5 19.Bxe5 d4 20.Nb5 Bxc4 21.Nxd4 c5 22.Nc6 Qb6
23.a4 Nd5 24.Bxd5 Bxd5 25.Ne7+ Kh8 26.Nxd5 Qe6 27.Bxg7+ Kxg7 28.Nf4 Qa6 29.Rfc1 c4
30.Rc3 Rd8  1-0

[Event "ARG-ch"]
[Site "Buenos Aires"]
[Date "1998.04.27"]
[Round "11"]
[White "Szmetan, Jorge"]
[Black "Spangenberg, Hugo"]
[Result "1-0"]
[WhiteElo "2420"]
[BlackElo "2530"]

1.Nf3 d5 2.g3 c6 3.Bg2 Bg4 4.O-O Nd7 5.d3 Ngf6 6.Nbd2 e5 7.e4 Bd6 8.h3 Bh5
9.Qe1 O-O 10.Nh4 Re8 11.Nf5 Bf8 12.b3 Qa5 13.a3 Qc5 14.Ra2 a5 15.a4 Rad8
16.Ne3 dxe4 17.Nxe4 Nxe4 18.dxe4 Qa7 19.Nc4 Bb4 20.Bd2 Bxd2 21.Qxd2 b6 22.Qe3 Qc7
23.g4 Bg6 24.Rd1 Nc5 25.Raa1 h5 26.f3 hxg4 27.hxg4 Rb8 28.Rd2 Ne6 29.Rad1 Re7
30.Bf1 b5 31.axb5 cxb5 32.Nd6 b4 33.Nb5 Qc6 34.Rd5 a4 35.Bc4 Nf4 36.Rd8+ Re8
37.R8d6 Qc8 38.Rd7 a3 39.Rc7 Qa6 40.Nd6 Qa5 41.Nxe8 Ra8 42.Rc5 Qb6 43.Nc7 Ra5
44.Nb5 Qf6 45.Rc8+ Kh7 46.Qe1 a2 47.Ra1 Bh5 48.Qg3 Qb6+ 49.Kh2 Qh6 50.Kg1 Qb6+
51.Kh1 Qh6 52.Qh2 Ra6 53.Nc7 Rc6 54.Nd5 Rxc8 55.Nxf4 exf4 56.Qxh5 Qxh5+ 57.gxh5 Ra8
58.Bxf7 Ra7 59.Bc4 Kh6 60.Kg2 Kxh5 61.Kf2 g5 62.Be6 Kg6 63.Ke2 Kf6 64.Bg4 Ke5
65.Kd3  1-0

[Event "Zepter op"]
[Site "Minsk"]
[Date "1998.04.27"]
[Round "3"]
[White "Markowski, Tomasz"]
[Black "Gaag, Evgeny"]
[Result "1-0"]
[WhiteElo "2505"]
[BlackElo "2370"]

1.g3 d5 2.Nf3 c6 3.Bg2 Bg4 4.O-O Nd7 5.d3 Ngf6 6.c4 e6 7.cxd5 cxd5 8.Nc3 Be7
9.Nh4 O-O 10.h3 Bh5 11.g4 Bg6 12.f4 Qb6+ 13.e3 Ne8 14.Nf3 f5 15.Nd4 Kh8 16.gxf5 Bxf5
17.Nxf5 Rxf5 18.Na4 Qa6 19.e4 Rf8 20.Be3 Nef6 21.Nc3 Rad8 22.Qf3 Nc5 23.e5 Ng8
24.d4 Nd7 25.Rfc1 b6 26.Bf1 Qb7 27.Nb5 a6 28.Nc7 Nc5 29.dxc5 Qxc7 30.cxb6 Qb8
31.Rc6 d4 32.Bd2 Nh6 33.Rac1 Nf7 34.Qe4 Nh6 35.Rxe6 Nf5 36.Bd3 g6 37.b7 a5
38.Bxa5 Rd7 39.Rb6 Qa7 40.Rb5 Qb8 41.Qc6  1-0

[Event "Zepter op"]
[Site "Minsk"]
[Date "1998.04.29"]
[Round "5"]
[White "Markowski, Tomasz"]
[Black "Shishkin, Vadim"]
[Result "1/2-1/2"]
[WhiteElo "2505"]
[BlackElo "2415"]

1.g3 d5 2.Nf3 Nf6 3.Bg2 g6 4.c4 c6 5.Qa4 e6 6.O-O Bg7 7.cxd5 exd5 8.d3 h6
9.Nc3 O-O 10.e4 Be6 11.Be3 Re8 12.h3 Nbd7 13.Nd4 Nb6 14.Qc2 Bd7 15.Nb3 dxe4
16.dxe4 Nc4 17.Bd4 Na5 18.Nc5 Bc8 19.Rad1 Qe7 20.Rfe1 b6 21.Nd3 Be6 22.b4 Nc4
23.Bxf6 Qxf6 24.e5 Qf5 25.f4 h5 26.Bxc6 Qxh3 27.Qg2 Qxg2+ 28.Kxg2 Bg4 29.Rc1 Rad8
30.Bxe8 Rxd3 31.Bb5 Rd2+ 32.Kg1  1/2-1/2

[Event "Torino op"]
[Site "Torino"]
[Date "1998.04.30"]
[Round "6"]
[White "Sarno, Spartaco"]
[Black "Spinelli, Doriano"]
[Result "1-0"]
[WhiteElo "2375"]
[BlackElo "2200"]

1.Nf3 d5 2.g3 c6 3.Bg2 Bf5 4.O-O h6 5.b3 Nf6 6.Bb2 e6 7.d3 Be7 8.Nbd2 O-O
9.c4 Nbd7 10.a3 a5 11.Qc2 Bh7 12.Bc3 b5 13.cxb5 cxb5 14.Qb2 Qb6 15.b4 a4
16.Bd4 Qb7 17.Rac1 Rac8 18.Rxc8 Rxc8 19.Rc1 Bf5 20.Rxc8+ Qxc8 21.Qc3 Qxc3
22.Bxc3 Ne8 23.Nd4 Nc7 24.e4 Bg4 25.Nc6 Bd6 26.f3 Bh5 27.e5 Bf8 28.Bd4 Bg6
29.Bf1 f6 30.Nb1 Be8 31.Nc3 fxe5 32.Nxe5 Bd6 33.f4 Bxe5 34.Bxe5 Nxe5 35.fxe5 Kf8
36.Kf2 Ke7 37.Ke3 Kd7 38.h4 Bg6 39.Ne2 Bf7 40.Nf4 Na6 41.Kd4 Kc6 42.Bh3 Nc7
43.Bg4 g6 44.Bh3 Kb6 45.Ng2 Na6 46.Nf4 Nc7 47.Ke3 Kc6 48.Ne2 Kd7 49.Nd4 Be8
50.Kd2 Ke7 51.Kc3 Kd7 52.Nc2 Na6 53.Ne3 Ke7 54.Ng4 h5 55.Nf6 Bf7 56.Bf1 Kd8
57.d4 Nc7 58.Bd3 Ke7 59.Kd2 Kf8 60.Ke3 Kg7 61.Kf4 Kh6 62.Be2 g5+ 63.hxg5+ Kg7
64.g6 Kxg6 65.Bxh5+ Kg7 66.Kg5 Na6 67.Be2 Nxb4 68.Bxb5 Nc2 69.Bxa4 Nxa3 70.g4 Nb1
71.Kf4 Nc3 72.Bc2 Bg6 73.Bxg6 Kxg6 74.Nd7 Nb5 75.Ke3  1-0

[Event "Cutro"]
[Site "Cutro"]
[Date "1998.05.01"]
[Round "8"]
[White "Pegorari, Pietro"]
[Black "Borgo, Giulio"]
[Result "0-1"]
[WhiteElo "2360"]
[BlackElo "2430"]

1.Nf3 d5 2.g3 g6 3.Bg2 Bg7 4.O-O e5 5.d4 exd4 6.Nxd4 Nf6 7.c4 dxc4 8.Qa4+ Nbd7
9.Qxc4 O-O 10.Nb5 c6 11.N5c3 Ne5 12.Qb3 Qe7 13.Qa3 Qc7 14.Bf4 Nd5 15.Bxe5 Qxe5
16.Nd2 Be6 17.Rad1 Nf6 18.Qb4 Qc7 19.Nde4 Nxe4 20.Nxe4 Qb6 21.Qxb6 axb6 22.Nd6 Rxa2
23.Nxb7 c5 24.b4 cxb4 25.Rd6 b3 26.Rxb6 Rxe2 27.Nc5 Bd4 28.Nxe6 Bxb6 29.Nxf8 Kxf8
30.Bf3 Rd2 31.Be4 f5 32.Bb1 Ke7 33.Kg2 Kd6 34.Kf3 Bd4  0-1

[Event "Zepter op"]
[Site "Minsk"]
[Date "1998.05.02"]
[Round "8"]
[White "Aronian, Levon"]
[Black "Volkov, Sergey"]
[Result "1/2-1/2"]
[WhiteElo "2455"]
[BlackElo "2545"]

1.g3 d5 2.Nf3 Bg4 3.Bg2 c6 4.b3 Nf6 5.Bb2 e6 6.O-O Be7 7.d3 a5 8.a3 O-O 9.Nbd2 Nbd7
10.h3 Bxf3 11.Nxf3 Qb6 12.a4 Rad8 13.e3 Rfe8 14.Qe2 Qa6 15.g4 Bf8 16.Rfe1 h6
17.Nd4 e5 18.Nf5 e4 19.Bc3 exd3 20.cxd3 g6 21.Nd4 Nc5 22.Nc2 Ncd7 23.Qd2 Bg7
24.Bxa5 Nc5 25.Bxd8 Nxb3 26.Qc3 Nxa1 27.Nb4 Nd7 28.d4 Qc4 29.Qxa1 Qxb4 30.Rb1 Qd6
31.Bh4 b6 32.Bg3 Qe6 33.Qa2 Ra8 34.Qc2 Ra5 35.Qb3 b5 36.axb5 Rxb5 37.Qd3 Rxb1+
38.Qxb1 Nf6 39.Be5 Ne4  1/2-1/2

[Event "Zepter op"]
[Site "Minsk"]
[Date "1998.05.02"]
[Round "8"]
[White "Pavlov, Aleksandr"]
[Black "Popov, Valerij"]
[Result "0-1"]
[WhiteElo "2310"]
[BlackElo "2505"]

1.Nf3 d5 2.g3 Bg4 3.Bg2 Nd7 4.h3 Bh5 5.c4 e6 6.cxd5 exd5 7.O-O Ngf6 8.d3 Be7
9.Nc3 c6 10.Nd4 Bc5 11.Nf5 O-O 12.Na4 Bb4 13.a3 Ba5 14.Be3 Bg6 15.Nd4 Re8
16.Bd2 Bc7 17.Rc1 Be5 18.Nf3 Bd6 19.b4 Bh5 20.Nc5 Rb8 21.Re1 h6 22.Nd4 a6
23.Nf5 Bc7 24.Bc3 Nf8 25.Qd2 Bg6 26.Nd4 Qd6 27.Qb2 N6d7 28.Nf3 f6 29.Nh4 Bh7
30.e4 Kh8 31.Bd2 Ne5 32.f4 Ned7 33.Kh1 Ne6 34.Nxd7 Qxd7 35.Bc3 d4 36.Bd2 g5
37.Nf3 gxf4 38.g4 Be5 39.Rg1 Rg8 40.Be1 h5 41.Bh4 Qf7 42.g5 Rg7 43.a4 fxg5
44.Nxe5 Qf6 45.Nf3 gxh4 46.Qf2 Rg3 47.Kh2 Rbg8 48.Rce1 R8g7 49.Ra1 Ng5 50.Nxg5 R7xg5
51.Bf3 Bg8 52.e5 Qf5  0-1

[Event "Torino op"]
[Site "Torino"]
[Date "1998.05.02"]
[Round "8"]
[White "Malano, Francesco"]
[Black "Castaldo, Folco"]
[Result "0-1"]
[WhiteElo "2050"]
[BlackElo "2155"]

1.Nf3 d5 2.g3 Nf6 3.Bg2 c6 4.O-O Bf5 5.b3 e6 6.Bb2 Be7 7.d3 h6 8.Nbd2 O-O
9.Re1 Nbd7 10.e4 Bh7 11.Qe2 a5 12.a4 Nc5 13.e5 Nfd7 14.Ba3 Re8 15.Nd4 Qc7
16.f4 Rab8 17.Kh1 b5 18.axb5 cxb5 19.Ra2 a4 20.Bb4 Nxb3 21.Nxb5 Rxb5 22.Bxe7 Rxe7
23.cxb3 axb3 24.Rb2 Qb8 25.d4 Nf8 26.Qe3 Bc2 27.Bf1 Rb4 28.Bd3 Rc7 29.Kg2 Qb6
30.Nf3 g6 31.Qd2 Rxd4 32.Qf2 Rb4 33.Qxb6 Rxb6 34.Bxc2 Rxc2+ 35.Rxc2 bxc2
36.Nd4 Rb2 37.Rc1 Rb4 38.Nf3 Rc4 39.Ne1 Re4 40.Kf2 g5 41.Ng2 gxf4 42.gxf4 Ng6
43.Kf3 Rc4 44.Ke3 Kf8  0-1

[Event "FRA-chT"]
[Site "FRA"]
[Date "1998.05.08"]
[Round "8"]
[White "Giffard, Nicolas"]
[Black "Fontaine, Robert"]
[Result "0-1"]
[WhiteElo "2395"]
[BlackElo "2365"]

1.Nf3 d5 2.g3 c6 3.Bg2 Bg4 4.d3 Nd7 5.Nbd2 Ngf6 6.h3 Bh5 7.c4 e6 8.Qb3 Rb8
9.g4 Bg6 10.Nh4 Bd6 11.Nxg6 hxg6 12.Nf3 Ne5 13.Be3 Nfd7 14.Nxe5 Nxe5 15.Kf1 b6
16.cxd5 cxd5 17.Qa4+ b5 18.Qa6 Qd7 19.Rc1 f5 20.gxf5 gxf5 21.Qxa7 Rb7 22.Qa8+ Rb8
23.Qa7 Rb7 24.Qd4 O-O 25.f4 Nc6 26.Qc3 Rc7 27.Qb3 Na5 28.Qd1 Rfc8 29.h4 Rxc1
30.Bxc1 Qc7 31.Bd2 Bxf4 32.e3 Be5 33.d4 Bf6 34.b3 Nb7 35.Bb4 Nd6 36.Bf3 Ne4
37.Bxe4 fxe4 38.Qg4 Qc1+ 39.Be1 Rf8 40.Qxe6+ Kh8 41.Ke2 Bxd4 42.exd4 Qc2+
43.Bd2 Qd3+ 44.Kd1 Qf3+ 45.Kc2 Qxh1 46.Qxd5 Rc8+ 47.Kb2 Qd1 48.Bf4 Qg4 49.Qg5 Qe2+
50.Ka3 Ra8+ 51.Kb4 Rxa2 52.Qf5 Qe1+ 53.Kc5 Qc3+ 54.Kd5 Qxb3+ 55.Kc6 Ra8 56.Kb7 Rd8
57.Bd6 Qa2 58.Be5 Qd5+ 59.Kc7 b4 60.Qg4 Qa5+ 61.Kb7 Qb5+ 62.Kc7 Qb8+ 63.Kc6 Rc8+
64.Kd5 Qb7+ 65.Ke6 Rc6+ 66.Kf5 Qd7+  0-1

[Event "FRA-chT"]
[Site "FRA"]
[Date "1998.05.08"]
[Round "8"]
[White "Anic, Darko"]
[Black "Marciano, David"]
[Result "1/2-1/2"]
[WhiteElo "2455"]
[BlackElo "2485"]

1.Nf3 d5 2.g3 Bg4 3.Bg2 Nd7 4.c4 e6 5.d4 c6 6.Nbd2 Ngf6 7.O-O Bd6 8.b3 O-O
9.Bb2 Qe7 10.Ne5 Bf5 11.h3 Rad8 12.c5 Bc7 13.b4 h5 14.Qb3 Nxe5 15.dxe5 Nd7
16.f4 b6 17.cxb6 Bxb6+ 18.Kh2 c5 19.bxc5 Nxc5 20.Qa3 Qd7 21.Bd4 Ne4 22.Nf3 Nd2
23.Rfd1 Nxf3+ 24.Bxf3 Qb5 25.Bxh5 Rc8 26.Rac1 Rxc1 27.Qxc1 Qa6 28.Qb2 Rc8
29.Rd2 Bxd4 30.Qxd4 Be4 31.Qb2 g6 32.Bg4 Qa5 33.Bf3 Bxf3 34.exf3 Rc3 35.Kg2 Qc7
36.Qb4 Rc4 37.Qb3 Rc3  1/2-1/2

[Event "FRA-chT"]
[Site "FRA"]
[Date "1998.05.08"]
[Round "8"]
[White "Mulder, Bart Piet"]
[Black "Vaisser, Anatoli"]
[Result "0-1"]
[WhiteElo "2210"]
[BlackElo "2595"]

1.Nf3 d5 2.g3 g6 3.Bg2 Bg7 4.d4 e6 5.O-O Ne7 6.c4 O-O 7.Bg5 h6 8.Bxe7 Qxe7
9.cxd5 exd5 10.Nc3 c6 11.a3 a5 12.Na4 Nd7 13.Rc1 Re8 14.e3 Qd6 15.Ne1 b6
16.Nd3 Ba6 17.Re1 Rab8 18.Bf1 Bc4 19.b3 Bb5 20.b4 Ra8 21.Nab2 Rec8 22.bxa5 Rxa5
23.a4 Ba6 24.Qd2 Bb7 25.Bg2 Ra7 26.Nf4 Nf6 27.Red1 Bf8 28.Qc2 g5 29.Nfd3 c5
30.Qd2 Ne4 31.Bxe4 dxe4 32.Ne5 Qe6 33.Nec4 Rd8 34.Qe2 cxd4 35.exd4 Bg7 36.Qe3 Bd5
37.Rd2 Rc7 38.Rdc2 Bxc4 39.Rxc4 Bxd4 40.Qe2 Rxc4 41.Nxc4 Rc8 42.Rc2 Ra8 43.Ra2 f5
44.a5 b5 45.Ne3 f4 46.Nd1 b4 47.a6 f3 48.Qd2 Bc3 49.Nxc3 bxc3 50.Qc2 Rd8
51.a7 Qh3 52.Qb3+ Kh8 53.Qxc3+ Kh7 54.Qc7+ Rd7 55.Qxd7+ Qxd7 56.Ra1 Qh3  0-1

[Event "Neubrandenburg op"]
[Site "Neubrandenburg"]
[Date "1998.05.08"]
[Round "3"]
[White "Sokolowski, Ryszard"]
[Black "Luther, Thomas"]
[Result "0-1"]
[WhiteElo "2245"]
[BlackElo "2510"]

1.Nf3 d5 2.g3 Bg4 3.Bg2 Nd7 4.d4 e6 5.O-O Ngf6 6.c4 c6 7.cxd5 exd5 8.Nc3 Bd6
9.Re1 O-O 10.h3 Bxf3 11.Bxf3 Re8 12.Qc2 Nf8 13.Bg2 Qb6 14.e3 Ne6 15.Bd2 Ng5
16.Na4 Qc7 17.Nc3 Qd7 18.Kh2 h5 19.e4 Ngxe4 20.Nxe4 dxe4 21.Bxe4 h4 22.Kg2 Bxg3
23.Bf3 Bc7 24.Be3 Nd5 25.Bg5 g6 26.Re4 Rxe4 27.Qxe4 Re8 28.Qxh4 Bd8 29.Bxd8 Rxd8
30.Re1 Kg7 31.Re4 Rh8 32.Qg3 Nf6 33.Rh4 Rxh4 34.Qxh4 Ne8 35.Qf4 Nd6 36.d5 c5
37.h4 Qe7 38.h5 gxh5 39.Bxh5 Qf6 40.Kf3 Nc4 41.b3 Nd6 42.Qxf6+ Kxf6 43.Kf4 Nb5
44.a4 Nd6 45.Be2 Ke7 46.Ke5 f6+ 47.Kf4 Kd7 48.a5 Kc7 49.Kg4 b6 50.axb6+ axb6
51.Kh5 Ne4 52.f4 Ng3+  0-1

[Event "Presidents Cup"]
[Site "Elista"]
[Date "1998.05.09"]
[Round "1.5"]
[White "Giorgadze, Giorgi"]
[Black "Fominyh, Alexander"]
[Result "1/2-1/2"]
[WhiteElo "2605"]
[BlackElo "2530"]

1.Nf3 d5 2.g3 c6 3.Bg2 Bg4 4.O-O e6 5.d4 Nf6 6.Nbd2 h6 7.Re1 Bf5 8.c3 Nbd7
9.a4 a5 10.b3 Be7 11.Bb2 O-O 12.c4 Ne4 13.Nxe4 Bxe4 14.Bc3 Nf6 15.e3 b6 16.Bf1 Bh7
17.Nd2 c5 18.Bb2 Rc8 19.Rc1 cxd4 20.exd4 Bb4 21.Re3 Ng4 22.Rf3 Nf6 23.Re3 Ng4
24.Rf3 Nf6 25.Re3  1/2-1/2

[Event "Neubrandenburg op"]
[Site "Neubrandenburg"]
[Date "1998.05.09"]
[Round "5"]
[White "Prosch, Carsten"]
[Black "Weyrich, Morten"]
[Result "0-1"]
[WhiteElo "2090"]
[BlackElo "2345"]

1.Nf3 d5 2.g3 g6 3.Bg2 Bg7 4.d4 e6 5.O-O Ne7 6.c4 O-O 7.cxd5 exd5 8.Nc3 c6
9.Bf4 h6 10.h4 Be6 11.Qd2 Kh7 12.Rfe1 Nd7 13.Rad1 Rc8 14.b3 Qa5 15.Ne5 Rfd8
16.Qd3 Nxe5 17.dxe5 c5 18.Qd2 c4 19.bxc4 Rxc4 20.Nb1 Qxd2 21.Rxd2 a6 22.Red1 Rdc8
23.Rb2 b5 24.Nd2 Rc2 25.Rdb1 Rxb2 26.Rxb2 g5 27.hxg5 hxg5 28.Bxg5 Bxe5 29.Rb1 f6
30.Nf3 Bc3 31.Be3 d4 32.Bxd4 Bxa2 33.Rd1 b4 34.Bxc3 bxc3 35.Ne1 Rc7 36.Be4+ Kg7
37.Bd3 Bc4 38.Bxc4 Rxc4 39.Ra1 Nc6 40.Rxa6 c2 41.Nxc2 Rxc2 42.e4 Ne5 43.Ra3 Nc4
44.Rd3 Re2 45.f3 Ne5 46.Rc3 Kf7 47.Kf1 Rd2 48.Re3 Ke6 49.Re2 Nxf3  0-1

[Event "Boca Juniors op"]
[Site "Buenos Aires"]
[Date "1998.05.10"]
[Round "4"]
[White "Soppe, Guillermo"]
[Black "Barria, Daniel"]
[Result "1-0"]
[WhiteElo "2455"]
[BlackElo "2365"]

1.Nf3 d5 2.g3 c6 3.Bg2 Nf6 4.O-O Bg4 5.d3 Nbd7 6.Nbd2 e5 7.e4 dxe4 8.dxe4 Qc7
9.h3 Bh5 10.Qe1 Bc5 11.Nc4 b5 12.Ne3 O-O 13.Nh4 Rfe8 14.a4 a6 15.Bd2 Nf8
16.Kh1 N6d7 17.f4 f6 18.f5 Bf7 19.g4 Bd4 20.c3 Ba7 21.b4 Rad8 22.Nf3 Nb6
23.axb5 axb5 24.g5 Rd6 25.gxf6 gxf6 26.Rg1 Kh8 27.Bf1 Nfd7 28.Qh4 Rg8 29.Rxg8+ Bxg8
30.Qh6 Nc8 31.Nh4 Bf7 32.Bc4 bxc4 33.Rg1  1-0

[Event "Boca Juniors op"]
[Site "Buenos Aires"]
[Date "1998.05.10"]
[Round "4"]
[White "Szmetan, Jorge"]
[Black "Iglesias, Jorge"]
[Result "1-0"]
[WhiteElo "2420"]
[BlackElo "2275"]

1.Nf3 d5 2.g3 c6 3.Bg2 Nf6 4.O-O Bg4 5.h3 Bh5 6.d3 Nbd7 7.b3 e6 8.Bb2 Be7
9.Nbd2 O-O 10.g4 Bg6 11.Nh4 a5 12.a3 Qb6 13.c4 Rfe8 14.Qc2 Bc5 15.e3 Bf8
16.Bc3 Qa6 17.Nxg6 hxg6 18.b4 axb4 19.axb4 Qb6 20.Qb2 Qc7 21.f4 Nb6 22.Qb3 Nh7
23.Nf3 Rxa1 24.Rxa1 dxc4 25.dxc4 Rd8 26.Be5 Qe7 27.g5 Nd7 28.Ra7 Nxe5 29.Nxe5 Qxb4
30.Qxb4 Bxb4 31.Rxb7 Bc5 32.Kf2 f6 33.Nd7 Bd6 34.gxf6 Nxf6 35.Nxf6+ gxf6
36.Bxc6 Bc5 37.Ke2 Rd6 38.Be8 Ra6 39.Rc7 Ra2+ 40.Kf3 Ba7 41.Bxg6 Ra3 42.c5 Ra5
43.c6 Ra3 44.Bd3  1-0

[Event "FRA-chT"]
[Site "FRA"]
[Date "1998.05.11"]
[Round "11"]
[White "Moingt, Jean Claude"]
[Black "Chaury, Fabien"]
[Result "1-0"]
[WhiteElo "2300"]
[BlackElo "2225"]

1.Nf3 d5 2.g3 Nf6 3.Bg2 c6 4.d3 Nbd7 5.O-O g6 6.Nbd2 Bg7 7.e4 dxe4 8.dxe4 e5
9.Qe2 O-O 10.Nc4 Qc7 11.Rd1 b6 12.Nd6 Ne8 13.Nxc8 Rxc8 14.a4 Nef6 15.a5 Nc5
16.axb6 axb6 17.Ne1 Ra8 18.Bd2 Rfd8 19.f3 Nfd7 20.Bh3 Nf8 21.Bg5 Re8 22.Be3 Nfe6
23.c3 Bf8 24.Qc2 b5 25.Rxa8 Rxa8 26.b4 Nb7 27.Bxe6 fxe6 28.Qb3 Qf7 29.f4 Nd6
30.Nf3 Nc4 31.Nxe5 Ra3 32.Qxa3  1-0

[Event "Boca Juniors op"]
[Site "Buenos Aires"]
[Date "1998.05.14"]
[Round "7"]
[White "Iglesias, Jorge"]
[Black "Hernandez Penna, Sabina"]
[Result "1-0"]
[WhiteElo "2275"]
[BlackElo "2085"]

1.Nf3 d5 2.g3 Nf6 3.Bg2 e6 4.b3 Nbd7 5.Bb2 Bd6 6.c4 c6 7.O-O O-O 8.Nc3 b6
9.e3 Ba6 10.d3 Rc8 11.Qe2 Qe7 12.e4 dxe4 13.dxe4 e5 14.Rad1 Bb8 15.Nh4 g6
16.Bc1 Nc5 17.Ba3 Bd6 18.f4 exf4 19.gxf4 Nh5 20.Nf5 gxf5 21.Qxh5 fxe4 22.b4 Bxc4
23.bxc5 Bb8 24.Nxe4 Bxf1 25.Qg4+ Kh8 26.Bb2+ f6 27.Rd7  1-0

[Event "Presidents Cup"]
[Site "Elista"]
[Date "1998.05.14"]
[Round "3.2"]
[White "Salov, Valery"]
[Black "Dreev, Alexey"]
[Result "1/2-1/2"]
[WhiteElo "2680"]
[BlackElo "2630"]

1.Nf3 d5 2.g3 Bg4 3.Ne5 Bf5 4.c4 Nd7 5.Nxd7 Qxd7 6.Qb3 Qc6 7.Qb5 Qxb5 8.cxb5 e5
9.Bg2 Nf6 10.d3 h6 11.Nc3 O-O-O 12.Bd2 Bc5 13.Rc1 Bd4  1/2-1/2

[Event "Presidents Cup"]
[Site "Elista"]
[Date "1998.05.15"]
[Round "3.3"]
[White "Salov, Valery"]
[Black "Dreev, Alexey"]
[Result "0-1"]
[WhiteElo "2680"]
[BlackElo "2630"]

1.Nf3 d5 2.g3 Bg4 3.Bg2 Nd7 4.c4 e6 5.Qb3 Nc5 6.Qc2 Nf6 7.d4 Bf5 8.Qd1 Ncd7
9.Qb3 Qc8 10.Nc3 c6 11.Bf4 Nb6 12.Ne5 Ng4 13.cxd5 exd5 14.Rc1 Nxe5 15.Bxe5 Bh3
16.O-O Bxg2 17.Kxg2 f6 18.Bf4 g5 19.Bd2 Qd7 20.a4 h5 21.f3 O-O-O 22.Qc2 Nc4
23.Rcd1 Nxd2 24.Rxd2 Bb4 25.e4 h4 26.g4 dxe4 27.Qxe4 h3+ 28.Kg1 Rhe8 29.Qg6 Qd6
30.Qh7 Qf4 31.Rd3 Rxd4 32.Rxd4 Qe3+ 33.Kh1 Qxf3+  0-1

[Event "Toronto op"]
[Site "Toronto"]
[Date "1998.05.15"]
[Round "3"]
[White "Cummings, David H"]
[Black "Garcia, Gildardo"]
[Result "1/2-1/2"]
[WhiteElo "2365"]
[BlackElo "2505"]

1.Nf3 d5 2.g3 Bg4 3.Bg2 Nd7 4.d4 e6 5.O-O Ngf6 6.Nbd2 Bd6 7.b3 O-O 8.Bb2 Re8
9.c4 c6 10.Ne5 Bh5 11.h3 c5 12.Nxd7 Qxd7 13.dxc5 Bxc5 14.Bxf6 gxf6 15.cxd5 exd5
16.Ne4 Qc6 17.Nxc5 Qxc5 18.Qxd5 Qxd5 19.Bxd5 Rxe2 20.Bxb7 Rd8 21.Ba6 Rb2
22.Rfb1 Rc2 23.Rc1 Rb2 24.g4 Bg6 25.Rd1 Rxd1+ 26.Rxd1 Rxa2 27.Bc4 h5 28.Rd7 Kg7
29.f4 hxg4 30.hxg4 f5 31.gxf5 Bh5 32.Rd6 Be2 33.f6+ Kg6 34.Bd5 Bg4 35.Bc4 Be2  1/2-1/2

[Event "Toronto op"]
[Site "Toronto"]
[Date "1998.05.16"]
[Round "5"]
[White "Cummings, David H"]
[Black "Linsky, Oleg"]
[Result "1/2-1/2"]
[WhiteElo "2365"]
[BlackElo "2375"]

1.Nf3 d5 2.g3 c6 3.Bg2 Bg4 4.O-O Nd7 5.d4 e6 6.Nbd2 Ngf6 7.b3 Bd6 8.Bb2 O-O
9.Re1 a5 10.c4 Qb8 11.e4 dxe4 12.Nxe4 Rd8 13.Nxd6 Qxd6 14.Qc1 a4 15.Ne5 Bf5
16.h3 axb3 17.axb3 Qb4 18.Nxd7 Nxd7 19.Re3 Qd6 20.g4 Bg6 21.h4 h6 22.h5 Bh7
23.Rg3 f6 24.Kh2 Rxa1 25.Bxa1 e5 26.Qe3 Qc7 27.d5 cxd5 28.Bxd5+ Kh8 29.Bc3 Ra8
30.Rg1 Nc5 31.Ra1 Rxa1 32.Bxa1 Bg8 33.b4 Bxd5 34.cxd5 Nd7 35.Qd3 Qd6 36.Qb5 Nb6
37.Qe8+ Kh7 38.Qg6+ Kg8 39.Qe8+ Kh7 40.Qg6+ Kg8 41.Qe8+ Kh7  1/2-1/2

[Event "Capablanca mem 33th Elite"]
[Site "Havana"]
[Date "1998.05.17"]
[Round "8"]
[White "Miles, Anthony J"]
[Black "Vera, Reynaldo"]
[Result "1-0"]
[WhiteElo "2595"]
[BlackElo "2535"]

1.Nf3 d5 2.g3 c6 3.Bg2 Bg4 4.c4 e6 5.cxd5 exd5 6.O-O Bd6 7.d3 Ne7 8.Nc3 O-O
9.h3 Bh5 10.e4 Nd7 11.Qc2 Rc8 12.Nd4 Bg6 13.f4 Bc5 14.Be3 f6 15.b4 Bb6 16.Na4 Bf7
17.Nc5 Nxc5 18.bxc5 Bc7 19.Bf3 b6 20.Bg4 Rb8 21.Ne6 Bxe6 22.Bxe6+ Kh8 23.Rab1 bxc5
24.Bxc5 Bb6 25.Kg2 Qc7 26.h4 Rfd8 27.Rfc1 dxe4 28.dxe4 Bxc5 29.Qxc5 Rd6 30.Rxb8+ Qxb8
31.Bb3 Rd2+ 32.Kh3 Qc8+ 33.f5 Qd7 34.Qb4 Qd8 35.Qb7 Rd7 36.Qa6 Qb8 37.Qc4 Qd8
38.Qc5 Qb8 39.Rc3 Qb6 40.Be6 Qxc5 41.Rxc5 Rb7 42.g4 Rb5 43.Rc3 g6 44.Rd3 gxf5
45.Rd8+ Kg7 46.exf5 Rb7 47.g5 c5 48.Rd6 Rc7 49.Kg4 Nc6 50.Kf4 Nd4 51.Bc4 fxg5+
52.hxg5 a5 53.Rd8  1-0